| 000 | 00512nam a2200181Ia 4500 | ||
|---|---|---|---|
| 008 | 180207s9999 xx 000 0 und d | ||
| 020 | _a9780746077245 | ||
| 050 | _bC877 2006 | ||
| 100 | _aCox, Phil Roxbee | ||
| 245 | _aShark in the park / | ||
| 245 | _cPhil Roxbee Cox ; illustrated by Stephen Cartwright ; edited by Jenny Tyler. | ||
| 260 | _aLondon : | ||
| 260 | _bUsborne Publishing Ltd., | ||
| 260 | _c2006 | ||
| 300 | _a16 pages : | ||
| 300 | _bcolor illustration ; | ||
| 440 | _aPhonics readers. | ||
| 999 |
_c355246 _d355246 |
||